| 000 | 006240000a22001330004500 | ||
|---|---|---|---|
| 100 | 1 | _aKloosterman, Nelson D. | |
| 245 | 1 | 0 | _aReseña crítica del libro por Rick Warren: La Vida con Propósito |
| 300 | _aVol.9, núm.1 (2007), Páginas 29-34 | ||
| 500 | _aTraducido con permiso por Donald Herrera Terán, para Reforma Siglo XXI. El artículo original en inglés fue publicado por la revista Christian Renewal, con fecha del 11 de Mayo de 2005 | ||
| 520 | _aTratando los síntomas sin diagnosticar la enfermedad, Pedacitos masticables en un tazón de sopa | ||
| 650 | 1 | 4 | _aRESEÑA |
| 773 | 0 | _tReforma Siglo 21 | |
| 942 | _cANA | ||
| 999 |
_c62631 _d62631 |
||